Регионална библиотека "Любен Каравелов" - Русе

Пастурное утро (Запис номер 381002)

MARC детайли
000 -Лидер
Контролно поле с фиксирана дължина nam a22 a 4500
003 - Код на организацията, давaща контролен номер
Контролно поле BLK
005 - Дата и час на последна редакция
Контролно поле 20221018163841.0
008 - Елементи от данни с фиксирана дължина
fixed length control field 202008b bul|||||r ||||||| ||bul||
040 ## - Източник на каталожния запис
Идентификатор на билиотеката - собственик на записа BLK
041 ## - Код за език
Код за езика на текст/звукозапис или на отделно заглавие Руски
Код за езика КДБФ Руски
080 ## - УДК
Текстов определител УДК Българска литература
УДК код - определител по УДК 821.163.2
УДК определител -32
УДК - код + определител 821.163.2-32
100 1# - Редна дума - Автор
Автор Лачева, Цилия Владимирова
Авторска отговорност първи автор
R(LIN) 377135
139 ## - Редно поле
Редна дума Лачева, Цилия Владимирова
Авторски знак Лач - Л 30
245 10 - Сведения за заглавието
Заглавие Пастурное утро
Подзаглавни данни Рассказы
Редно поле (дума) Цилия Владимирова Лачева; пер. Елены Андреевой
257 ## - Страна на издаване
Страна на създаване/издаване България
260 ## - Област на издателските данни
Място на издаване, разпространение и проч. София
Име на издателя, разпространителя и проч. Изд. лит. на иностр. яз.
Година на издаване 1967
9 (RLIN) 218133
Издателство - префикс ISBN 978-954-650-
300 ## - Физическа характеристика
Страници 166 с.
Размери/Мащаб 18 см
380 ## - Жанр
Жанр Худож. лит.
500 ## - Общи забележки
Забележка 10 150 тир.
700 ## - Други автори (авторска отговорност)
Лично име Андреева, Елена Ивановна
9 (RLIN) 326502
852 ## - Местоположение
Форматна сигнатура Цб І 9581
Фондова буква Хранилище
856 4# - Електронен адрес и достъп
Електронен формат pdf - файл
Инструкция (цена за достъп) 0.00
Права за достъп disable
856 4# - Електронен адрес и достъп
Електронен формат pdf - файл
Инструкция (цена за достъп) 0.00
Права за достъп disable
999 ## - СИСТЕМНИ КОНТРОЛНИ НОМЕРА
Koha biblionumber 381002
Koha biblioitemnumber 381002
942 ## - АРТИКУЛИ
Вид на библиотечния материал Книги
Скрит в OPAC Не
Периодичен библиозапис Да
944 ## - СЪЗДАВАНЕ И РЕДАКЦИЯ на ЗАПИСА
Създаване/Редакция Създаване
Дата на регистрацията/редакция 2020-08-10
Служител, извършил регистрацията/редакцията К.Д.
999 ## - СИСТЕМНИ КОНТРОЛНИ НОМЕРА
Koha biblioitemnumber 381002
Наличности
Код за отписване Код за изгубен артикул Източник на класификационната схема Код за повреда Коз за рестрикции Код за отдаване Артикулен № Име на библиотеката - собственик Име на библиотеката, в която се намира в момента Статус (Текущо местоположение) Дата на вписване в системата Местоположение - отдел Цена в лева Инвентарен номер Систематично азбучна сигнатура Баркод Цена в евро Служебен тип на артикула
  Не е изгубен Universal Decimal Classification Не е повреден само за читалня ползва се в читалня 789731 Регионална библиотека "Любен Каравелов" Русе Регионална библиотека "Любен Каравелов" Русе Хранилище 2020-08-12 Хранилище 0.12 112/68 Цб І 9581 900000030001 0.06 Книги
Vip Innovations Ltd, Rousse, Bulgaria 2025